000 00289nam a2200133Ia 4500
008 090707b ii f a fnsan d
100 _aMohanjit
_94837
245 _aHawa piyaji
260 _aChandigarh
260 _bLokgeet Parkashan
260 _c2005
300 _a120p
942 _cBK
999 _c21174
_d21174